| 000 | 00435nam a2200181Ia 4500 | ||
|---|---|---|---|
| 003 | 0100 | ||
| 008 | 130303s9999 xx 000 0 und d | ||
| 040 | _cARRUPELIB | ||
| 050 | _aRC602.R7461951 | ||
| 100 | _aRogers, Carl R | ||
| 245 | _aClient-centered therapy | ||
| 245 | _bIts current practice, implications and theory | ||
| 260 | _aBoston | ||
| 260 | _bHoughton Mifflin Co. | ||
| 260 | _C1951 | ||
| 300 | _a560p | ||
| 942 | 0 | 0 | _01 |
| 999 |
_c55369 _d55369 |
||